[Event "Deutsche Ländermeisterschaft 2017"]
[Site "Hannover GER"]
[Date "2017.10.02"]
[Round "4"]
[White "Sieber, Fiona"]
[Black "Weishäutel, Moritz"]
[Result "1-0"]
[Termination "normal"]
[Board "5.1"]
[WhiteTitle "WFM"]
[WhiteElo "2248"]
[BlackElo "2077"]
[WhiteClock "00:14:52"]
[BlackClock "00:20:59"]
[WhiteTeam "Sachsen-Anhalt"]
[BlackTeam "Thüringen"]
[PlyCount "67"]
[WhiteFideId "12902373"]
[BlackFideId "12967300"]
[EventCountry "GER"]
[EventRounds "7"]
[EventType "team-swiss"]
[EventDate "2017.09.29"]

1. e4 {[%clk 1:30:58]} c5 {[%clk 1:30:55]} 2. Nf3 {[%clk 1:31:23]} e6 {[%clk
1:31:22]} 3. d4 {[%clk 1:31:46]} cxd4 {[%clk 1:31:49]} 4. Nxd4 {[%clk 1:32:12]}
Nc6 {[%clk 1:32:13]} 5. Nc3 {[%clk 1:31:58]} Qc7 {[%clk 1:32:33]} 6. f4 {[%clk
1:30:21]} a6 {[%clk 1:32:47]} 7. Nxc6 {[%clk 1:30:42]} bxc6 {[%clk 1:33:12]} 8.
Bd3 {[%clk 1:29:46]} d5 {[%clk 1:33:11]} 9. O-O {[%clk 1:29:19]} Bc5+ {[%clk
1:30:39]} 10. Kh1 {[%clk 1:29:43]} Nf6 {[%clk 1:30:51]} 11. e5 {[%clk 1:27:59]}
Nd7 {[%clk 1:30:32]} 12. Bd2 {[%clk 1:17:56]} g6 {[%clk 1:21:44]} 13. Qf3
{[%clk 1:15:43]} Be7 {[%clk 1:16:47]} 14. Na4 {[%clk 1:15:00]} c5 {[%clk
1:12:13]} 15. c4 {[%clk 1:13:53]} Bb7 {[%clk 1:07:36]} 16. Qg3 {[%clk 1:08:17]}
d4 {[%clk 1:00:54]} 17. b3 {[%clk 1:07:38]} g5 {[%clk 0:48:14]} 18. fxg5 {[%clk
0:53:20]} Qxe5 {[%clk 0:46:49]} 19. Bf4 {[%clk 0:52:41]} Qg7 {[%clk 0:47:01]}
20. Rae1 {[%clk 0:52:28]} Rg8 {[%clk 0:42:52]} 21. Be4 {[%clk 0:41:20]} Bxe4
{[%clk 0:38:46]} 22. Rxe4 {[%clk 0:41:44]} Rc8 {[%clk 0:31:17]} 23. Qf3 {[%clk
0:39:56]} e5 {[%clk 0:23:54]} 24. Nb6 {[%clk 0:24:06]} Nxb6 {[%clk 0:19:36]}
25. Bxe5 {[%clk 0:24:12]} Qg6 {[%clk 0:19:54]} 26. Bf6 {[%clk 0:17:04]} Rc7
{[%clk 0:20:10]} 27. Rfe1 {[%clk 0:16:51]} Nc8 {[%clk 0:20:30]} 28. Bxe7 {[%clk
0:13:02]} Nxe7 {[%clk 0:20:14]} 29. Rxe7+ {[%clk 0:13:19]} Rxe7 {[%clk
0:20:40]} 30. Qa8+ {[%clk 0:13:44]} Kd7 {[%clk 0:21:05]} 31. Qb7+ {[%clk
0:14:06]} Kd6 {[%clk 0:20:43]} 32. Qd5+ {[%clk 0:14:09]} Kc7 {[%clk 0:20:45]}
33. Rxe7+ {[%clk 0:14:34]} Kb6 {[%clk 0:20:59]} 34. Rb7+ {[%clk 0:14:52]} 1-0

[Event "Deutsche Ländermeisterschaft 2017"]
[Site "Hannover GER"]
[Date "2017.10.02"]
[Round "4"]
[White "Philipp, Mathias"]
[Black "Roseneck, Jonas"]
[Result "0-1"]
[Termination "normal"]
[Board "5.2"]
[WhiteElo "2108"]
[BlackElo "2179"]
[WhiteClock "00:13:50"]
[BlackClock "00:21:12"]
[WhiteTeam "Thüringen"]
[BlackTeam "Sachsen-Anhalt"]
[PlyCount "68"]
[WhiteFideId "12958883"]
[BlackFideId "12939870"]
[EventCountry "GER"]
[EventRounds "7"]
[EventType "team-swiss"]
[EventDate "2017.09.29"]

1. e4 {[%clk 1:30:58]} c5 {[%clk 1:30:53]} 2. Nf3 {[%clk 1:31:24]} d6 {[%clk
1:31:19]} 3. c3 {[%clk 1:31:52]} Nf6 {[%clk 1:31:34]} 4. Be2 {[%clk 1:32:17]}
Bd7 {[%clk 1:31:30]} 5. Qc2 {[%clk 1:32:14]} Bc6 {[%clk 1:31:40]} 6. d3 {[%clk
1:32:13]} Nbd7 {[%clk 1:32:04]} 7. O-O {[%clk 1:31:55]} g6 {[%clk 1:30:54]} 8.
a4 {[%clk 1:28:52]} Bg7 {[%clk 1:28:14]} 9. h3 {[%clk 1:29:00]} O-O {[%clk
1:26:39]} 10. Be3 {[%clk 1:24:49]} Rc8 {[%clk 1:20:50]} 11. Nbd2 {[%clk
1:22:00]} b6 {[%clk 1:20:44]} 12. Qb1 {[%clk 1:16:16]} e5 {[%clk 1:16:33]} 13.
d4 {[%clk 1:12:45]} exd4 {[%clk 1:11:01]} 14. cxd4 {[%clk 1:13:05]} cxd4 {[%clk
1:11:23]} 15. Nxd4 {[%clk 1:13:31]} Bb7 {[%clk 1:11:20]} 16. Nb5 {[%clk
1:10:29]} Nc5 {[%clk 1:09:00]} 17. Bf3 {[%clk 1:03:58]} a6 {[%clk 1:05:48]} 18.
Nc3 {[%clk 1:03:46]} Re8 {[%clk 1:06:12]} 19. Rd1 {[%clk 0:57:07]} Qe7 {[%clk
0:59:18]} 20. Bf4 {[%clk 0:46:55]} Nfxe4 {[%clk 0:46:50]} 21. Ndxe4 {[%clk
0:46:36]} Nxe4 {[%clk 0:46:40]} 22. Nxe4 {[%clk 0:46:59]} Bxe4 {[%clk 0:47:06]}
23. Bxe4 {[%clk 0:47:20]} Qxe4 {[%clk 0:47:30]} 24. Bxd6 {[%clk 0:38:49]} Qe2
{[%clk 0:47:07]} 25. Qd3 {[%clk 0:33:33]} Rc2 {[%clk 0:39:52]} 26. Bg3 {[%clk
0:31:42]} Qxd3 {[%clk 0:34:23]} 27. Rxd3 {[%clk 0:32:02]} Rxb2 {[%clk 0:34:47]}
28. Rc1 {[%clk 0:31:30]} h5 {[%clk 0:33:47]} 29. Rd7 {[%clk 0:19:20]} Ra2
{[%clk 0:20:38]} 30. Rcc7 {[%clk 0:17:03]} h4 {[%clk 0:20:55]} 31. Bd6 {[%clk
0:15:55]} Re1+ {[%clk 0:21:15]} 32. Kh2 {[%clk 0:16:12]} Rxf2 {[%clk 0:21:34]}
33. Rc8+ {[%clk 0:13:29]} Kh7 {[%clk 0:21:57]} 34. Rc4 {[%clk 0:13:50]} g5
{[%clk 0:21:12]} 0-1

[Event "Deutsche Ländermeisterschaft 2017"]
[Site "Hannover GER"]
[Date "2017.10.02"]
[Round "4"]
[White "Biastoch, Bennet"]
[Black "Carnot, Luca"]
[Result "1/2-1/2"]
[Termination "normal"]
[Board "5.3"]
[WhiteElo "2120"]
[BlackElo "1968"]
[WhiteClock "00:13:52"]
[BlackClock "00:22:24"]
[WhiteTeam "Sachsen-Anhalt"]
[BlackTeam "Thüringen"]
[PlyCount "96"]
[WhiteFideId "12939889"]
[BlackFideId "12958964"]
[EventCountry "GER"]
[EventRounds "7"]
[EventType "team-swiss"]
[EventDate "2017.09.29"]

1. e4 {[%clk 1:30:57]} c5 {[%clk 1:30:56]} 2. Nf3 {[%clk 1:31:19]} Nc6 {[%clk
1:31:22]} 3. d4 {[%clk 1:31:43]} cxd4 {[%clk 1:31:48]} 4. Nxd4 {[%clk 1:32:05]}
Nf6 {[%clk 1:32:16]} 5. Nc3 {[%clk 1:32:17]} g6 {[%clk 1:32:41]} 6. Nb3 {[%clk
1:32:04]} Bg7 {[%clk 1:32:53]} 7. Be2 {[%clk 1:32:19]} O-O {[%clk 1:33:16]} 8.
O-O {[%clk 1:32:42]} d6 {[%clk 1:27:11]} 9. Bg5 {[%clk 1:32:23]} Be6 {[%clk
1:27:01]} 10. Re1 {[%clk 1:24:14]} Qb6 {[%clk 1:25:22]} 11. Bf1 {[%clk
1:18:28]} Rfc8 {[%clk 1:21:33]} 12. Qd2 {[%clk 1:09:45]} h5 {[%clk 1:06:25]}
13. Nd5 {[%clk 1:00:00]} Bxd5 {[%clk 1:03:00]} 14. exd5 {[%clk 1:00:24]} Ne5
{[%clk 0:58:26]} 15. c3 {[%clk 0:52:08]} a5 {[%clk 0:44:28]} 16. Be3 {[%clk
0:33:00]} Qd8 {[%clk 0:44:41]} 17. a4 {[%clk 0:32:47]} Kh7 {[%clk 0:44:15]} 18.
Rad1 {[%clk 0:31:25]} Nfg4 {[%clk 0:32:06]} 19. Bd4 {[%clk 0:27:14]} Nh6 {[%clk
0:28:09]} 20. Bd3 {[%clk 0:20:58]} Qd7 {[%clk 0:27:14]} 21. Re4 {[%clk
0:15:25]} Nf5 {[%clk 0:24:42]} 22. Bb6 {[%clk 0:15:38]} Nxd3 {[%clk 0:21:37]}
23. Qxd3 {[%clk 0:16:01]} Ra6 {[%clk 0:22:04]} 24. Be3 {[%clk 0:13:08]} Qd8
{[%clk 0:18:23]} 25. Nd4 {[%clk 0:10:22]} Nxd4 {[%clk 0:17:52]} 26. Bxd4 {[%clk
0:10:46]} Bxd4 {[%clk 0:18:05]} 27. Qxd4 {[%clk 0:11:09]} Rc7 {[%clk 0:12:05]}
28. Rde1 {[%clk 0:10:05]} Rd7 {[%clk 0:12:30]} 29. Qe3 {[%clk 0:09:08]} Rb6
{[%clk 0:12:49]} 30. Re2 {[%clk 0:08:31]} Kg8 {[%clk 0:11:23]} 31. h3 {[%clk
0:08:24]} Rb3 {[%clk 0:10:16]} 32. Kh2 {[%clk 0:05:14]} b5 {[%clk 0:06:56]} 33.
axb5 {[%clk 0:03:34]} Rxb5 {[%clk 0:07:21]} 34. c4 {[%clk 0:03:27]} Rb4 {[%clk
0:07:17]} 35. Qc3 {[%clk 0:03:08]} Rc7 {[%clk 0:04:51]} 36. g4 {[%clk 0:02:10]}
hxg4 {[%clk 0:05:02]} 37. Rxg4 {[%clk 0:02:33]} Qf8 {[%clk 0:05:28]} 38. b3
{[%clk 0:01:36]} Qg7 {[%clk 0:04:02]} 39. Qg3 {[%clk 0:01:04]} a4 {[%clk
0:01:44]} 40. bxa4 {[%clk 0:01:00]} Rxa4 {[%clk 0:01:03]} 41. Qb3 {[%clk
0:27:48]} Raa7 {[%clk 0:27:29]} 42. h4 {[%clk 0:24:47]} Rcb7 {[%clk 0:26:54]}
43. Qh3 {[%clk 0:23:57]} Ra1 {[%clk 0:27:05]} 44. Rg1 {[%clk 0:23:31]} Rxg1
{[%clk 0:26:51]} 45. Kxg1 {[%clk 0:23:56]} Rb1+ {[%clk 0:27:08]} 46. Kh2 {[%clk
0:17:34]} Qa1 {[%clk 0:26:39]} 47. Qg2 {[%clk 0:17:34]} Qf6 {[%clk 0:25:14]}
48. Qg4 {[%clk 0:13:52]} Qa1 {[%clk 0:22:24]} 1/2-1/2

[Event "Deutsche Ländermeisterschaft 2017"]
[Site "Hannover GER"]
[Date "2017.10.02"]
[Round "4"]
[White "Schlick, Stefan"]
[Black "Post, Hugo"]
[Result "1-0"]
[Termination "normal"]
[Board "5.4"]
[WhiteElo "1973"]
[BlackElo "2023"]
[WhiteClock "00:22:26"]
[BlackClock "00:18:43"]
[WhiteTeam "Thüringen"]
[BlackTeam "Sachsen-Anhalt"]
[PlyCount "41"]
[WhiteFideId "16211332"]
[BlackFideId "12962490"]
[EventCountry "GER"]
[EventRounds "7"]
[EventType "team-swiss"]
[EventDate "2017.09.29"]

1. d4 {[%clk 1:30:58]} Nf6 {[%clk 1:30:29]} 2. c4 {[%clk 1:31:23]} e6 {[%clk
1:30:23]} 3. Nc3 {[%clk 1:31:40]} Bb4 {[%clk 1:30:21]} 4. e3 {[%clk 1:30:39]}
O-O {[%clk 1:30:06]} 5. Bd3 {[%clk 1:29:57]} c5 {[%clk 1:28:11]} 6. Nf3 {[%clk
1:30:22]} d5 {[%clk 1:27:07]} 7. O-O {[%clk 1:30:27]} Nc6 {[%clk 1:26:04]} 8.
a3 {[%clk 1:30:36]} cxd4 {[%clk 1:20:50]} 9. axb4 {[%clk 1:18:04]} dxc3 {[%clk
1:21:02]} 10. bxc3 {[%clk 1:18:27]} b6 {[%clk 1:18:14]} 11. Qe2 {[%clk
1:07:16]} Bb7 {[%clk 1:17:25]} 12. Rd1 {[%clk 1:00:30]} Qc7 {[%clk 1:16:59]}
13. cxd5 {[%clk 0:58:05]} Nxd5 {[%clk 1:16:02]} 14. Bb2 {[%clk 0:50:21]} Rfd8
{[%clk 1:12:52]} 15. b5 {[%clk 0:46:03]} Na5 {[%clk 0:57:02]} 16. c4 {[%clk
0:40:37]} Nb4 {[%clk 0:33:38]} 17. Be5 {[%clk 0:23:53]} Bxf3 {[%clk 0:24:04]}
18. Bxc7 {[%clk 0:24:13]} Bxe2 {[%clk 0:24:20]} 19. Bxe2 {[%clk 0:22:14]} Rxd1+
{[%clk 0:18:49]} 20. Rxd1 {[%clk 0:22:32]} Nb7 {[%clk 0:18:43]} 21. Bf3 {[%clk
0:22:26]} 1-0

[Event "Deutsche Ländermeisterschaft 2017"]
[Site "Hannover GER"]
[Date "2017.10.02"]
[Round "4"]
[White "Dietz, Florian"]
[Black "Ratay, Meike"]
[Result "1-0"]
[Termination "normal"]
[Board "5.5"]
[WhiteElo "2026"]
[BlackElo "1812"]
[WhiteClock "00:12:24"]
[BlackClock "00:03:02"]
[WhiteTeam "Sachsen-Anhalt"]
[BlackTeam "Thüringen"]
[PlyCount "95"]
[WhiteFideId "12939897"]
[BlackFideId "12977608"]
[EventCountry "GER"]
[EventRounds "7"]
[EventType "team-swiss"]
[EventDate "2017.09.29"]

1. e4 {[%clk 1:30:57]} e5 {[%clk 1:30:55]} 2. Nf3 {[%clk 1:31:21]} Nc6 {[%clk
1:31:21]} 3. Bb5 {[%clk 1:31:38]} Nge7 {[%clk 1:31:40]} 4. Nc3 {[%clk 1:30:48]}
g6 {[%clk 1:31:45]} 5. d4 {[%clk 1:30:34]} exd4 {[%clk 1:31:29]} 6. Nd5 {[%clk
1:30:35]} Nxd5 {[%clk 1:22:15]} 7. exd5 {[%clk 1:30:57]} Qe7+ {[%clk 1:22:07]}
8. Be2 {[%clk 1:21:49]} Ne5 {[%clk 1:19:53]} 9. O-O {[%clk 1:22:03]} Bg7 {[%clk
1:17:21]} 10. Nxd4 {[%clk 1:21:29]} f6 {[%clk 1:08:37]} 11. f4 {[%clk 1:12:04]}
Nf7 {[%clk 1:08:01]} 12. Bf3 {[%clk 1:09:13]} O-O {[%clk 1:07:21]} 13. Re1
{[%clk 1:09:33]} Qd8 {[%clk 1:03:32]} 14. b3 {[%clk 0:58:53]} c5 {[%clk
0:57:38]} 15. Nb5 {[%clk 0:53:14]} f5 {[%clk 0:51:39]} 16. Rb1 {[%clk 0:53:30]}
a6 {[%clk 0:51:11]} 17. Na3 {[%clk 0:53:45]} b5 {[%clk 0:44:08]} 18. c4 {[%clk
0:50:07]} b4 {[%clk 0:36:34]} 19. Nc2 {[%clk 0:50:16]} Nd6 {[%clk 0:35:47]} 20.
Bb2 {[%clk 0:45:47]} Bxb2 {[%clk 0:33:14]} 21. Rxb2 {[%clk 0:44:29]} Qf6 {[%clk
0:33:12]} 22. Rb1 {[%clk 0:38:56]} Ne8 {[%clk 0:24:50]} 23. d6 {[%clk 0:34:51]}
Rb8 {[%clk 0:23:27]} 24. Qd5+ {[%clk 0:33:08]} Kh8 {[%clk 0:22:01]} 25. Rbd1
{[%clk 0:30:34]} Bb7 {[%clk 0:18:26]} 26. Qxc5 {[%clk 0:30:27]} Bxf3 {[%clk
0:17:41]} 27. gxf3 {[%clk 0:30:50]} g5 {[%clk 0:15:34]} 28. fxg5 {[%clk
0:29:11]} Qxg5+ {[%clk 0:15:31]} 29. Kh1 {[%clk 0:29:34]} Nf6 {[%clk 0:13:16]}
30. Rg1 {[%clk 0:25:13]} Qf4 {[%clk 0:11:44]} 31. Qe3 {[%clk 0:24:26]} Qxe3
{[%clk 0:10:07]} 32. Nxe3 {[%clk 0:24:50]} f4 {[%clk 0:10:15]} 33. Ng2 {[%clk
0:21:20]} Nh5 {[%clk 0:08:24]} 34. Rge1 {[%clk 0:20:03]} Rf7 {[%clk 0:07:06]}
35. Re4 {[%clk 0:17:13]} Rc8 {[%clk 0:06:05]} 36. Rd5 {[%clk 0:14:41]} Nf6
{[%clk 0:04:19]} 37. Rxf4 {[%clk 0:15:05]} Nxd5 {[%clk 0:04:04]} 38. Rxf7
{[%clk 0:15:29]} Nb6 {[%clk 0:04:07]} 39. Ne3 {[%clk 0:14:05]} Kg8 {[%clk
0:03:43]} 40. Re7 {[%clk 0:14:17]} Rf8 {[%clk 0:03:18]} 41. Kg2 {[%clk
0:14:14]} Rf7 {[%clk 0:02:54]} 42. c5 {[%clk 0:13:15]} Nc8 {[%clk 0:02:57]} 43.
Re8+ {[%clk 0:13:16]} Rf8 {[%clk 0:03:22]} 44. Rxf8+ {[%clk 0:13:19]} Kxf8
{[%clk 0:03:51]} 45. Nd5 {[%clk 0:13:38]} Kf7 {[%clk 0:03:34]} 46. Nxb4 {[%clk
0:13:55]} a5 {[%clk 0:03:08]} 47. Nc6 {[%clk 0:12:10]} Ke6 {[%clk 0:03:02]} 48.
Nxa5 {[%clk 0:12:24]} 1-0

[Event "Deutsche Ländermeisterschaft 2017"]
[Site "Hannover GER"]
[Date "2017.10.02"]
[Round "4"]
[White "Nguyen, Ha Thanh"]
[Black "Dietz, Kristin"]
[Result "1-0"]
[Termination "normal"]
[Board "5.6"]
[WhiteElo "1919"]
[BlackElo "1675"]
[WhiteClock "00:50:49"]
[BlackClock "00:28:35"]
[WhiteTeam "Thüringen"]
[BlackTeam "Sachsen-Anhalt"]
[PlyCount "73"]
[WhiteFideId "12942154"]
[BlackFideId "12993743"]
[EventCountry "GER"]
[EventRounds "7"]
[EventType "team-swiss"]
[EventDate "2017.09.29"]

1. e4 {[%clk 1:30:58]} c5 {[%clk 1:30:52]} 2. Nf3 {[%clk 1:31:24]} e6 {[%clk
1:31:11]} 3. d4 {[%clk 1:31:48]} cxd4 {[%clk 1:31:31]} 4. Nxd4 {[%clk 1:32:13]}
a6 {[%clk 1:31:50]} 5. Nc3 {[%clk 1:32:25]} Qc7 {[%clk 1:32:08]} 6. g3 {[%clk
1:32:23]} Nf6 {[%clk 1:32:13]} 7. Bg2 {[%clk 1:32:41]} g6 {[%clk 1:25:19]} 8.
a4 {[%clk 1:25:33]} Nc6 {[%clk 1:24:00]} 9. O-O {[%clk 1:24:48]} Bg7 {[%clk
1:24:10]} 10. Nxc6 {[%clk 1:24:40]} bxc6 {[%clk 1:23:05]} 11. Re1 {[%clk
1:22:56]} d6 {[%clk 1:21:43]} 12. e5 {[%clk 1:20:55]} dxe5 {[%clk 1:21:15]} 13.
Rxe5 {[%clk 1:20:57]} O-O {[%clk 1:20:34]} 14. Re1 {[%clk 1:20:16]} a5 {[%clk
1:18:27]} 15. Nb5 {[%clk 1:18:57]} Qd7 {[%clk 1:13:20]} 16. Qxd7 {[%clk
1:13:17]} Bxd7 {[%clk 1:13:38]} 17. Nd6 {[%clk 1:13:36]} Nd5 {[%clk 1:12:56]}
18. Nc4 {[%clk 1:11:29]} Rfb8 {[%clk 1:08:26]} 19. Re2 {[%clk 1:02:30]} Bc8
{[%clk 1:07:39]} 20. Ne5 {[%clk 0:59:23]} Ba6 {[%clk 1:06:06]} 21. Re1 {[%clk
0:59:23]} Rb6 {[%clk 1:00:17]} 22. c3 {[%clk 0:59:05]} Rd8 {[%clk 0:59:00]} 23.
Bf1 {[%clk 0:56:18]} Bxf1 {[%clk 0:50:51]} 24. Kxf1 {[%clk 0:56:37]} Ne7 {[%clk
0:45:29]} 25. Nc4 {[%clk 0:55:54]} Ra6 {[%clk 0:45:44]} 26. Bd2 {[%clk
0:55:03]} Nf5 {[%clk 0:44:24]} 27. Rad1 {[%clk 0:55:08]} Raa8 {[%clk 0:42:05]}
28. Bf4 {[%clk 0:54:59]} Rxd1 {[%clk 0:36:14]} 29. Rxd1 {[%clk 0:55:22]} f6
{[%clk 0:34:32]} 30. Bc7 {[%clk 0:55:30]} Ra7 {[%clk 0:32:43]} 31. Bxa5 {[%clk
0:54:08]} Ne7 {[%clk 0:32:14]} 32. Rd8+ {[%clk 0:54:17]} Bf8 {[%clk 0:32:28]}
33. Bb4 {[%clk 0:54:29]} Kg7 {[%clk 0:32:21]} 34. Nb6 {[%clk 0:53:30]} Rb7
{[%clk 0:29:58]} 35. Nd7 {[%clk 0:52:23]} c5 {[%clk 0:28:35]} 36. Nxc5 {[%clk
0:50:24]} Kf7 {[%clk 0:28:35]} 37. Nxb7 {[%clk 0:50:49]} 1-0

[Event "Deutsche Ländermeisterschaft 2017"]
[Site "Hannover GER"]
[Date "2017.10.02"]
[Round "4"]
[White "Stowicek, Yara Mathilda"]
[Black "Reuter, Elisa"]
[Result "1/2-1/2"]
[Termination "normal"]
[Board "5.7"]
[WhiteElo "1508"]
[BlackElo "1910"]
[WhiteClock "00:06:50"]
[BlackClock "00:56:27"]
[WhiteTeam "Sachsen-Anhalt"]
[BlackTeam "Thüringen"]
[PlyCount "103"]
[WhiteFideId "16203569"]
[BlackFideId "12995444"]
[EventCountry "GER"]
[EventRounds "7"]
[EventType "team-swiss"]
[EventDate "2017.09.29"]

1. e4 {[%clk 1:30:58]} c5 {[%clk 1:30:56]} 2. Nf3 {[%clk 1:31:20]} Nc6 {[%clk
1:31:22]} 3. d4 {[%clk 1:31:36]} cxd4 {[%clk 1:31:48]} 4. Nxd4 {[%clk 1:31:56]}
g6 {[%clk 1:32:16]} 5. c4 {[%clk 1:31:57]} Bg7 {[%clk 1:32:40]} 6. Be3 {[%clk
1:32:05]} Nf6 {[%clk 1:33:06]} 7. Nc3 {[%clk 1:32:13]} O-O {[%clk 1:33:31]} 8.
Be2 {[%clk 1:32:11]} d6 {[%clk 1:33:57]} 9. O-O {[%clk 1:32:20]} Bd7 {[%clk
1:34:23]} 10. Nc2 {[%clk 1:32:20]} a5 {[%clk 1:34:24]} 11. b3 {[%clk 1:28:40]}
Nb4 {[%clk 1:28:25]} 12. Qd2 {[%clk 1:20:48]} Nxc2 {[%clk 1:27:37]} 13. Qxc2
{[%clk 1:20:59]} Bc6 {[%clk 1:27:14]} 14. f3 {[%clk 1:20:54]} Nd7 {[%clk
1:27:14]} 15. Rac1 {[%clk 1:19:24]} Nc5 {[%clk 1:25:15]} 16. Rfd1 {[%clk
1:18:51]} Qb6 {[%clk 1:19:57]} 17. Nd5 {[%clk 1:08:24]} Bxd5 {[%clk 1:18:02]}
18. cxd5 {[%clk 1:07:15]} Rfc8 {[%clk 1:17:48]} 19. Qd2 {[%clk 1:05:42]} Qd8
{[%clk 1:17:03]} 20. Kh1 {[%clk 1:02:11]} Nd7 {[%clk 1:13:17]} 21. f4 {[%clk
0:58:02]} a4 {[%clk 1:02:44]} 22. b4 {[%clk 0:57:20]} a3 {[%clk 1:00:27]} 23.
Bd4 {[%clk 0:51:33]} Bxd4 {[%clk 0:59:35]} 24. Qxd4 {[%clk 0:51:15]} Qb6 {[%clk
0:59:15]} 25. Qxb6 {[%clk 0:47:12]} Nxb6 {[%clk 0:59:31]} 26. Bb5 {[%clk
0:46:59]} Kf8 {[%clk 0:51:45]} 27. Kg1 {[%clk 0:46:48]} Rxc1 {[%clk 0:51:30]}
28. Rxc1 {[%clk 0:46:57]} Rc8 {[%clk 0:51:54]} 29. Rxc8+ {[%clk 0:47:06]} Nxc8
{[%clk 0:52:20]} 30. Kf2 {[%clk 0:47:19]} Nb6 {[%clk 0:52:40]} 31. Ke3 {[%clk
0:46:04]} e6 {[%clk 0:52:42]} 32. dxe6 {[%clk 0:44:15]} fxe6 {[%clk 0:51:02]}
33. Kd4 {[%clk 0:43:53]} Ke7 {[%clk 0:50:49]} 34. g4 {[%clk 0:43:35]} Na8
{[%clk 0:44:33]} 35. Kc3 {[%clk 0:37:10]} Nc7 {[%clk 0:44:56]} 36. Bd3 {[%clk
0:37:19]} d5 {[%clk 0:43:49]} 37. e5 {[%clk 0:37:15]} b6 {[%clk 0:38:41]} 38.
Kb3 {[%clk 0:36:39]} d4 {[%clk 0:33:57]} 39. Kxa3 {[%clk 0:25:41]} Nd5 {[%clk
0:34:14]} 40. f5 {[%clk 0:20:52]} exf5 {[%clk 0:33:57]} 41. gxf5 {[%clk
0:20:48]} gxf5 {[%clk 0:33:52]} 42. Bxf5 {[%clk 0:20:30]} h6 {[%clk 0:34:16]}
43. Kb3 {[%clk 0:20:25]} Ne3 {[%clk 0:34:03]} 44. Be4 {[%clk 0:15:42]} Ke6
{[%clk 0:33:59]} 45. a4 {[%clk 0:13:42]} Kxe5 {[%clk 0:34:05]} 46. Bh1 {[%clk
0:08:26]} Kd6 {[%clk 0:31:32]} 47. h3 {[%clk 0:06:53]} Nd1 {[%clk 0:30:52]} 48.
Bf3 {[%clk 0:18:35]} Nf2 {[%clk 0:59:40]} 49. Bg4 {[%clk 0:14:09]} h5 {[%clk
0:55:38]} 50. Bxh5 {[%clk 0:13:09]} Nxh3 {[%clk 0:56:00]} 51. a5 {[%clk
0:06:44]} bxa5 {[%clk 0:56:27]} 52. bxa5 {[%clk 0:06:50]} 1/2-1/2

[Event "Deutsche Ländermeisterschaft 2017"]
[Site "Hannover GER"]
[Date "2017.10.02"]
[Round "4"]
[White "Muckle, Julius"]
[Black "Rahnfeld, Jens"]
[Result "0-1"]
[Termination "normal"]
[Board "6.1"]
[WhiteTitle "FM"]
[BlackTitle "FM"]
[WhiteElo "2307"]
[BlackElo "2310"]
[WhiteClock "00:00:37"]
[BlackClock "00:12:42"]
[WhiteTeam "Rheinland-Pfalz"]
[BlackTeam "Baden 2"]
[PlyCount "108"]
[WhiteFideId "12942430"]
[BlackFideId "12939617"]
[EventCountry "GER"]
[EventRounds "7"]
[EventType "team-swiss"]
[EventDate "2017.09.29"]

1. d4 {[%clk 1:30:56]} d5 {[%clk 1:30:54]} 2. c4 {[%clk 1:31:24]} e6 {[%clk
1:31:16]} 3. Nc3 {[%clk 1:31:49]} c6 {[%clk 1:31:41]} 4. e3 {[%clk 1:32:03]}
Nf6 {[%clk 1:31:58]} 5. Nf3 {[%clk 1:32:17]} Nbd7 {[%clk 1:32:09]} 6. Qc2
{[%clk 1:32:20]} Bd6 {[%clk 1:32:12]} 7. b3 {[%clk 1:28:54]} O-O {[%clk
1:31:45]} 8. Bb2 {[%clk 1:29:03]} e5 {[%clk 1:30:12]} 9. Be2 {[%clk 1:18:19]}
e4 {[%clk 1:16:11]} 10. Nd2 {[%clk 1:18:40]} a6 {[%clk 1:16:19]} 11. O-O-O
{[%clk 1:16:53]} Qe7 {[%clk 1:13:23]} 12. Rde1 {[%clk 1:10:12]} Bb4 13. f3
{[%clk 1:06:00]} b5 {[%clk 0:58:45]} 14. fxe4 {[%clk 1:05:14]} Nxe4 {[%clk
0:58:30]} 15. Ndxe4 {[%clk 0:58:02]} dxe4 {[%clk 0:58:43]} 16. Ref1 {[%clk
0:55:27]} Re8 {[%clk 0:43:27]} 17. g4 {[%clk 0:50:49]} Bd6 {[%clk 0:35:44]} 18.
h4 {[%clk 0:43:30]} Bb7 {[%clk 0:32:00]} 19. c5 {[%clk 0:36:11]} Bc7 {[%clk
0:32:11]} 20. g5 {[%clk 0:35:49]} Nf8 {[%clk 0:27:38]} 21. Bh5 {[%clk 0:22:37]}
Ng6 {[%clk 0:24:15]} 22. Bg4 {[%clk 0:22:34]} Bc8 {[%clk 0:21:38]} 23. Bxc8
{[%clk 0:21:41]} Raxc8 {[%clk 0:22:03]} 24. h5 {[%clk 0:21:58]} Nf8 {[%clk
0:21:59]} 25. Qg2 {[%clk 0:22:12]} b4 {[%clk 0:16:29]} 26. Nd1 {[%clk 0:18:19]}
Rcd8 {[%clk 0:15:07]} 27. Rf5 {[%clk 0:15:42]} Rd5 {[%clk 0:14:40]} 28. Rhf1
{[%clk 0:14:28]} Rxf5 {[%clk 0:13:21]} 29. Rxf5 {[%clk 0:14:56]} Qe6 {[%clk
0:13:27]} 30. Qf1 {[%clk 0:14:52]} Rd8 {[%clk 0:12:55]} 31. h6 Rd5 {[%clk
0:12:00]} 32. Rf2 {[%clk 0:13:23]} Rxg5 {[%clk 0:06:47]} 33. hxg7 {[%clk
0:13:45]} Ng6 {[%clk 0:07:00]} 34. Rf6 {[%clk 0:13:46]} Qd7 {[%clk 0:06:41]}
35. Qxa6 {[%clk 0:14:06]} Ne7 {[%clk 0:06:30]} 36. Qa8+ {[%clk 0:13:41]} Qd8
{[%clk 0:04:58]} 37. Qb7 {[%clk 0:05:02]} Rg1 {[%clk 0:04:36]} 38. Rxc6 {[%clk
0:03:59]} Nd5 {[%clk 0:02:30]} 39. Rxc7 {[%clk 0:02:30]} Nxe3 {[%clk 0:00:51]}
40. Kd2 {[%clk 0:02:05]} Rxd1+ {[%clk 0:00:43]} 41. Ke2 {[%clk 0:25:26]} Qf6
{[%clk 0:16:35]} 42. Rxf7 {[%clk 0:24:14]} Qxf7 {[%clk 0:17:02]} 43. Qxf7+
{[%clk 0:24:38]} Kxf7 {[%clk 0:17:31]} 44. Kxe3 {[%clk 0:03:04]} Rb1 {[%clk
0:15:25]} 45. Ba3 {[%clk 0:02:15]} bxa3 {[%clk 0:15:44]} 46. d5 {[%clk
0:00:32]} Rxb3+ {[%clk 0:11:13]} 47. Kxe4 {[%clk 0:00:33]} Rg3 {[%clk 0:11:33]}
48. Ke5 {[%clk 0:00:34]} Rxg7 {[%clk 0:11:08]} 49. Kd6 {[%clk 0:00:32]} Ke8
{[%clk 0:11:27]} 50. Kc6 {[%clk 0:00:51]} Kd8 {[%clk 0:11:35]} 51. Kb6 {[%clk
0:00:53]} h5 {[%clk 0:11:45]} 52. c6 {[%clk 0:00:53]} h4 {[%clk 0:12:02]} 53.
d6 {[%clk 0:01:15]} h3 {[%clk 0:12:18]} 54. d7 {[%clk 0:00:37]} Rxd7 {[%clk
0:12:42]} 0-1